000 00447nab a2200145Ia 4500
003 ES-SlBCS
005 20210601141817.0
008 140529s2007 xxu||||| |||| 00| 0 spa d
041 _aspa
100 1 _aIsorna Artime, Eloy
_9261160
245 0 0 _aBirmania, una dictadura inacabable. Suu Kyi y la libertad frente al miedo
_c Eloy Isorna Artime
651 4 _aBirmania
_9152907
773 0 _tExodo
_gnº. 90, 2007, págs. 54-56
_wRev1209
942 _cAR
999 _c666694
_d666694